000 00215nam a2200097Ia 4500
008 170619s9999 xx 000 0 und d
100 _aLIPSCHUTZ- S.
245 0 _aDATA STRUCTURES
260 _bMc Graw Hill
260 _c2009
546 _aENGLISH
999 _c18845
_d18845